书目信息 |
| 题名: |
十天搞定考研词汇
|
|
| 作者: | 王江涛 , 刘文涛 编著 | |
| 分册: | ||
| 出版信息: | 北京 海豚出版社 2019.01 |
|
| 页数: | 122页 | |
| 开本: | 26cm | |
| 丛书名: | 新东方大愚英语学习丛书 | |
| 单 册: | ||
| 中图分类: | H319.34 | |
| 科图分类: | ||
| 主题词: | 英语--ying yu--词汇--硕士生入学考试--升学参考资料 | |
| 电子资源: | ||
| ISBN: | 978-7-5110-4344-3 | |
| 000 | 01136nam 2200301 450 | |
| 001 | 202019137808 | |
| 005 | 20191026133321.0 | |
| 010 | @a978-7-5110-4344-3@dCNY30.00 | |
| 100 | @a20191023d2019 em y0chiy50 ea | |
| 101 | 0 | @achi@aeng |
| 102 | @aCN@b110000 | |
| 105 | @ay z 000yy | |
| 106 | @ar | |
| 200 | 1 | @a十天搞定考研词汇@Ashi tian gao ding kao yan ci hui@f王江涛, 刘文涛编著 |
| 210 | @a北京@c海豚出版社@d2019.01 | |
| 215 | @a122页@d26cm | |
| 225 | 2 | @a新东方大愚英语学习丛书@Axin dong fang da yu ying yu xue xi cong shu |
| 300 | @a“十天搞定考研词汇”系列之三: 默写本 默写本 | |
| 314 | @a王江涛, 新东方考研英语写作一线教师、英语写作辅导专家。刘文涛, 北京新东方考研集训营词汇一线教师等。 | |
| 330 | @a本书收录十多年考研真题中出现过的大纲词汇及超纲词汇, 选取常考释义重点记忆。 | |
| 333 | @a考研英语 (一) 和 (二) 均适用 | |
| 410 | 0 | @12001 @a新东方大愚英语学习丛书 |
| 606 | 0 | @a英语@Aying yu@x词汇@x硕士生入学考试@j升学参考资料 |
| 690 | @aH319.34@v5 | |
| 701 | 0 | @a王江涛@Awang jiang tao@4编著 |
| 701 | 0 | @a刘文涛@Aliu wen tao@4编著 |
| 801 | 0 | @aCN@c20190905 |
| 905 | @a河南城建学院图书馆@dH319.34@eW226-2 | |
| 十天搞定考研词汇/王江涛, 刘文涛编著.-北京:海豚出版社,2019.01 |
| 122页;26cm.-(新东方大愚英语学习丛书) |
| “十天搞定考研词汇”系列之三: 默写本 默写本.-使用对象:考研英语 (一) 和 (二) 均适用 |
| ISBN 978-7-5110-4344-3:CNY30.00 |
| 本书收录十多年考研真题中出现过的大纲词汇及超纲词汇, 选取常考释义重点记忆。 |
| ● |
| 相关链接 |
|
|
|
正题名:十天搞定考研词汇
索取号:H319.34/W226-2
 
预约/预借
| 序号 | 登录号 | 条形码 | 馆藏地/架位号 | 状态 | 备注 |
| 1 | 1446736 | 214467361 | 语言库209/209语言库 13排1列4层/ [索取号:H319.34/W226-2] | 在馆 | |
| 2 | 1446737 | 214467370 | 语言库209/209语言库 13排1列4层/ [索取号:H319.34/W226-2] | 在馆 |